In search of the classical world : an introduction to the ancient Aegean /

محفوظ في:

المؤلف الرئيسي: Moore, Dudley J. (مؤلف)

التنسيق: كتاب

اللغة: English

منشور في: NewCastle upon Tyne : Cambridge Scholars Publishing, 2015.

الموضوعات:

الوسوم: إضافة وسم

لا توجد وسوم, كن أول من يضع وسما على هذه التسجيلة!

رقم الطلب: DF77 .M65 2015

LEADER 00728namaa2200229 4500
003 OSt
005 20251223095256.0
008 130303s2015 enkb b 000 0 eng d
020 |a 9781443878135 (hbk.) 
040 |c ARCE Library 
043 |a e-gr--- 
050 4 |a DF77 .M65 2015 
100 1 |a Moore, Dudley J.,  |e author 
245 1 0 |a In search of the classical world :   |b an introduction to the ancient Aegean /   |c by Dudley Moore. 
264 1 |a NewCastle upon Tyne :  |b Cambridge Scholars Publishing,  |c 2015. 
300 |a xvi, 190 pages :  |b map ;  |c 22 cm. 
504 |a Includes bibliographical references. 
650 0 |a Civilization, Aegean. 
651 0 |a Greece  |x Antiquities. 
901 |a reviewed 
942 |c BK  |2 lcc 
999 |c 8910  |d 8910